000 01135nac a22002771i 4500
003 EG-ScBUE
005 20260119093129.0
008 260119s1994 nyua f b 001 0 eng d
020 _a0195046226 (alk. paper)
040 _aEG-ScBUE
_beng
_erda
_cEG-ScBUE
_dEG-ScBUE
082 0 4 _a551.49
_bCAS
_222
100 1 _aCase, Clinton M.,
_eauthor.
245 1 0 _aPhysical principles of flow in unsaturated porous media /
_cClinton M. Case.
264 1 _aNew York :
_bOxford University Press ;
_aOxford :
_bClarendon Press,
_c1994.
300 _axiii, 372 pages :
_billustrations ;
_c25 cm.
336 _2rdacontent
_atext
_btxt
337 _aunmediated
_2rdamedia
_bn
338 _avolume
_bnc
_2rdacarrier
490 0 _aOxford monographs on geology and geophysics ;
_vno. 26
504 _aIncludes bibliographical references and index.
650 7 _aGroundwater flow.
_2BUEsh
655 _vReading book
856 4 2 _3Publisher description
_uhttp://www.loc.gov/catdir/enhancements/fy0637/92040046-d.html
856 4 2 _3Table of contents only
_uhttp://www.loc.gov/catdir/enhancements/fy0637/92040046-t.html
942 _cBB
_2ddc
999 _c7564
_d7564